000
00361nam a2200145Ia 4500
008
151213s9999 xx 000 0 und d
100
_a
Obaidul Haq Chowdhury
245
_a
Evidence Act
_c
Obaidul Haq Chowdhury
260
_a
Dhaka
_b
Low Report
_c
2004
300
_a
2087 p.
650
_a
Law
650
_a
Law
700
_a
Obaidul Haq Chowdhury
999
_c
1537
_d
1537